Estatísticas para Sobre Belo Horizonte-MG

Clique aqui para jogar o quiz

Estatísticas Gerais

  • Esse quiz foi jogado 65 vezes
  • A pontuação média é 52 de 80

Estatísticas das Respostas

QuestãoBlocoSelect% Correto
Quais dessas alcunhas são dadas pra Belo Horizonte atualmente?Capital Mundial das ÁguasNão
96%
Quais dessas alcunhas são dadas pra Belo Horizonte atualmente?Cidade do SolNão
96%
Quais dessas alcunhas são dadas pra Belo Horizonte atualmente?Ilha da MagiaNão
96%
Quais dessas alcunhas são dadas pra Belo Horizonte atualmente?Paris dos TrópicosNão
96%
Quais dessas alcunhas são dadas pra Belo Horizonte atualmente?Roma NegraNão
96%
Quais dessas alcunhas são dadas pra Belo Horizonte atualmente?Cidade MaravilhosaNão
94%
Quais dessas alcunhas são dadas pra Belo Horizonte atualmente?Cidade MorenaNão
94%
Belo Horizonte já recebeu quais nomes?Curral de la RainhaNão
94%
Quais dessas alcunhas são dadas pra Belo Horizonte atualmente?Veneza BrasileiraNão
94%
Quais dessas alcunhas são dadas pra Belo Horizonte atualmente?Capital do CerradoNão
92%
Belo Horizonte já recebeu quais nomes?Cidade JardinagemNão
92%
Quais dessas alcunhas são dadas pra Belo Horizonte atualmente?Cidade SorrisoNão
92%
Belo Horizonte já recebeu quais nomes?Comarca do HorizonteNão
92%
Belo Horizonte já recebeu quais nomes?Maravilhoso HorizonteNão
92%
Quais dessas alcunhas são dadas pra Belo Horizonte atualmente?Terra da GaroaNão
92%
Quais dessas alcunhas são dadas pra Belo Horizonte atualmente?Capital do Meio do MundoNão
90%
Quais desses cartões-postais estão em Belo Horizonte?Congresso NacionalNão
90%
Quais desses cartões-postais estão em Belo Horizonte?Cristo RedentorNão
90%
Quais desses cartões-postais estão em Belo Horizonte?Elevador LacerdaNão
90%
Quais desses cartões-postais estão em Belo Horizonte?Estátua de Iracema GuardiãNão
90%
Quais desses cartões-postais estão em Belo Horizonte?Memorial ÁrabeNão
90%
Quais desses cartões-postais estão em Belo Horizonte?Mercado Ver-o-PesoNão
90%
Quais desses cartões-postais estão em Belo Horizonte?Monumento ao ExpedicionárioNão
90%
Quais desses cartões-postais estão em Belo Horizonte?Parque do IbirapueraNão
90%
Belo Horizonte já recebeu quais nomes?Vila HorizonteNão
90%
Belo Horizonte já recebeu quais nomes?Bela VistaNão
88%
Belo Horizonte já recebeu quais nomes?Cidade BelaNão
88%
Quais desses cartões-postais estão em Belo Horizonte?Circuito da PoesiaNão
88%
Belo Horizonte já recebeu quais nomes?Freguesia do Belo HorizonteNão
88%
Belo Horizonte já recebeu quais nomes?Cidade BonitaNão
86%
Quais desses cartões-postais estão em Belo Horizonte?Monumento dos Três MarcosNão
86%
Belo Horizonte já recebeu quais nomes?Vila BelaNão
86%
Belo Horizonte já recebeu quais nomes?Cidade MineiraNão
84%
Belo Horizonte já recebeu quais nomes?Arraial de Nossa Senhora AparecidaNão
82%
Belo Horizonte já recebeu quais nomes?Municipalidade do Horizonte BeloNão
82%
Belo Horizonte já recebeu quais nomes?Bonito HorizonteNão
80%
Quais dessas alcunhas são dadas pra Belo Horizonte atualmente?BHSim
75%
Quais desses municípios fazem limite com Belo Horizonte?BarbacenaNão
71%
Quais desses municípios fazem limite com Belo Horizonte?Governador ValadaresNão
71%
Quais desses municípios fazem limite com Belo Horizonte?VarginhaNão
71%
Quais desses municípios fazem limite com Belo Horizonte?Montes ClarosNão
69%
Quais desses municípios fazem limite com Belo Horizonte?Ouro PretoNão
67%
Quais desses municípios fazem limite com Belo Horizonte?Juiz de ForaNão
65%
Quais desses municípios fazem limite com Belo Horizonte?UberlândiaNão
65%
Quais dessas alcunhas são dadas pra Belo Horizonte atualmente?BelôSim
63%
Belo Horizonte já recebeu quais nomes?Curral del ReiSim
63%
Quais desses cartões-postais estão em Belo Horizonte?Praça da LiberdadeSim
55%
Quais desses times mineiros pertencem a Belo Horizonte?Boa EsporteNão
53%
Quais desses times mineiros pertencem a Belo Horizonte?CaldenseNão
53%
Quais desses times mineiros pertencem a Belo Horizonte?CoimbraNão
53%
Quais desses times mineiros pertencem a Belo Horizonte?DemocrataNão
53%
Quais desses times mineiros pertencem a Belo Horizonte?NacionalNão
53%
Quais desses times mineiros pertencem a Belo Horizonte?PatrocinenseNão
53%
Quais desses times mineiros pertencem a Belo Horizonte?TombenseNão
53%
Quais desses times mineiros pertencem a Belo Horizonte?TricordianoNão
53%
Quais desses times mineiros pertencem a Belo Horizonte?TupiNão
53%
Quais desses times mineiros pertencem a Belo Horizonte?TupynambásNão
53%
Quais desses times mineiros pertencem a Belo Horizonte?URTNão
53%
Quais desses times mineiros pertencem a Belo Horizonte?Villa NovaNão
53%
Quais desses times mineiros pertencem a Belo Horizonte?Minas BocaNão
51%
Quais desses cartões-postais estão em Belo Horizonte?Conjunto Arquitetônico da Lagoa da PampulhaSim
49%
Quais desses cartões-postais estão em Belo Horizonte?Praça Sete de SetembroSim
49%
Quais desses municípios fazem limite com Belo Horizonte?ContagemSim
41%
Quais desses cartões-postais estão em Belo Horizonte?Praça Raul SoaresSim
41%
Quais desses municípios fazem limite com Belo Horizonte?BetimSim
37%
Quais dessas alcunhas são dadas pra Belo Horizonte atualmente?Capital das AlterosasSim
37%
Quais desses municípios fazem limite com Belo Horizonte?Nova LimaSim
31%
Quais desses municípios fazem limite com Belo Horizonte?SabaráSim
31%
Belo Horizonte já recebeu quais nomes?Cidade de MinasSim
27%
Quais desses municípios fazem limite com Belo Horizonte?IbiritéSim
25%
Quais desses cartões-postais estão em Belo Horizonte?Praça Governador Israel PinheiroSim
25%
Quais desses municípios fazem limite com Belo Horizonte?Ribeirão das NevesSim
24%
Quais dessas alcunhas são dadas pra Belo Horizonte atualmente?Cidade JardimSim
22%
Quais desses municípios fazem limite com Belo Horizonte?Santa LuziaSim
22%
Quais desses times mineiros pertencem a Belo Horizonte?Atlético MineiroSim
20%
Quais desses municípios fazem limite com Belo Horizonte?VespasianoSim
20%
Quais desses municípios fazem limite com Belo Horizonte?BrumadinhoSim
18%
Quais desses cartões-postais estão em Belo Horizonte?Praça Rui BarbosaSim
18%
Quais desses times mineiros pertencem a Belo Horizonte?CruzeiroSim
16%
Quais desses times mineiros pertencem a Belo Horizonte?América MineiroSim
8%

Distribuição das Pontuações

Percentil de Números Respondidos

Porcentagem de Pessoas com Cada Pontuação

Sua Pontuação Histórica

Você não jogou esse quiz